Načítá se...
Achieving business alchemy
| Hlavní autor: | |
|---|---|
| Médium: | Printed Book |
| Vydáno: |
London
Hodder & Stoughton
2002
|
| Témata: |
| LEADER | 00496nam a22001577a 4500 | ||
|---|---|---|---|
| 020 | |a 9780340857687 | ||
| 082 | |a 658.406 |b ASH/A | ||
| 100 | |a Ashton, Robert | ||
| 245 | |a Achieving business alchemy | ||
| 260 | |a London |b Hodder & Stoughton |c 2002 | ||
| 300 | |a 96p. | ||
| 650 | |a Business modernisation | ||
| 650 | |a Management | ||
| 942 | |c BK | ||
| 999 | |c 41716 |d 41716 | ||
| 952 | |0 0 |1 0 |4 0 |6 658_406000000000000_ASHA |7 0 |8 Stack |9 45168 |a KUCL |b KUCL |c Stack |d 2016-09-07 |l 0 |o 658.406 ASH/A |p 43054 |r 2016-09-07 |w 2016-09-07 |y BK | ||